01887 a2200253 45000010006000000050017000060080041000230030015000640400040000790800104001192450032002230200022002552640033002773000019003105051013003290410008013421000027013507000030013777000030014077000046014377000028014837000023015118560099015344943420260407155758.0260407a2017 arg spa dAR-UNSa-BCEJYS aAR-UNSa-BCEJYSbspacAR-UNSa-BCEJYS a347.736xQuiebra. Insolvencia. Suspensión de pagos. Bancarrota, procedimientos. Derecho Concursal10aManual de derecho concursal a978-987-551-333-4 1aCórdoba :bAdvocatusc2017 a685 p.c23 cm. a1. Derecho Concursal - 2. Órganos del concurso - 3. Primera Parte: El concurso preventivo - Segunda Parte: La quiebra - 4. Primera Parte: El fuero de atracción - Segunda Parte: Verificación de créditos - Tercera Parte: El pronto pago - 5. Primera Parte: Clasificación y agrupamiento de acreedores - Segunda Parte: Impugnación a la propuesta de acuerdo preventivo - Tercera Parte: Acuerdo preventivo extrajudicial - 6. Primera Parte: Efectos del concurso con relación al concursado - Segunda Parte: Efectos de la quiebra en relación al fallido - 7. Efectos del concurso y la quiebra sobre los contratos - 8. Efectos del concurso y la quiebra sobre los contratos (Continuación) - 9. Primera Parte: Extensión de la Quiebra - Segunda Parte: Acciones de responsabilidad - 10. Ineficacia concursal - 11. Formas de conclusión del concurso y liquidación en la quiebra - 12. La continuación de la explotación - 13. Privilegios - 14. Conclusión de la quiebra y clausura del procedimiento. aspa1 aJunyent Bas, Francisco1 aGiménez, Sofía Inés1 aPeretti, María Victoria1 aRodríguez leguizamón, María Cecilia1 aAliaga, María Sofía1 aBalduzzi, Leonardo41uhttps://www.biblioeco.unsa.edu.ar/pmb/images/libros/L128097.jpgyImagen de portadaqimage/jpeg